<?xml version="1.0" encoding="UTF-8"?>
<record
    xmlns:xsi="http://www.w3.org/2001/XMLSchema-instance"
    xsi:schemaLocation="http://www.loc.gov/MARC21/slim http://www.loc.gov/standards/marcxml/schema/MARC21slim.xsd"
    xmlns="http://www.loc.gov/MARC21/slim">

  <leader>00560nam a2200205 a 4500</leader>
  <controlfield tag="001">ASIN0198084560</controlfield>
  <controlfield tag="003">OSt</controlfield>
  <controlfield tag="005">20150408114145.0</controlfield>
  <controlfield tag="008">130927s2010    xxu                 eng d</controlfield>
  <datafield tag="020" ind1=" " ind2=" ">
    <subfield code="a">8187815914</subfield>
  </datafield>
  <datafield tag="040" ind1=" " ind2=" ">
    <subfield code="a">Ma-Un</subfield>
  </datafield>
  <datafield tag="082" ind1="0" ind2="4">
    <subfield code="a">544.92</subfield>
  </datafield>
  <datafield tag="100" ind1="1" ind2=" ">
    <subfield code="a">Palania, V.B.</subfield>
    <subfield code="9">37949</subfield>
  </datafield>
  <datafield tag="245" ind1="1" ind2="0">
    <subfield code="a">Analytical chromatography /</subfield>
    <subfield code="c">V.B. Palania.</subfield>
  </datafield>
  <datafield tag="260" ind1=" " ind2=" ">
    <subfield code="a">New Delhi:</subfield>
    <subfield code="b">Campus Books International</subfield>
    <subfield code="c">2010.</subfield>
  </datafield>
  <datafield tag="300" ind1=" " ind2=" ">
    <subfield code="a">334 p. ;</subfield>
    <subfield code="c">23 cm.</subfield>
  </datafield>
  <datafield tag="650" ind1=" " ind2="0">
    <subfield code="a">Chemistry, Analytic</subfield>
    <subfield code="9">4843</subfield>
  </datafield>
  <datafield tag="650" ind1=" " ind2="0">
    <subfield code="a">Chromatographic analysis</subfield>
    <subfield code="9">38350</subfield>
  </datafield>
  <datafield tag="942" ind1=" " ind2=" ">
    <subfield code="2">ddc</subfield>
    <subfield code="c">BOOK</subfield>
  </datafield>
  <datafield tag="999" ind1=" " ind2=" ">
    <subfield code="c">31488</subfield>
    <subfield code="d">265988</subfield>
  </datafield>
  <datafield tag="952" ind1=" " ind2=" ">
    <subfield code="1">0</subfield>
    <subfield code="2">2013-10-26</subfield>
    <subfield code="4">0</subfield>
    <subfield code="7">0</subfield>
    <subfield code="a">544.92 PVA</subfield>
    <subfield code="c">n1</subfield>
    <subfield code="d">2013-10-26</subfield>
    <subfield code="h">CL</subfield>
    <subfield code="i">00451543</subfield>
    <subfield code="m">CL</subfield>
    <subfield code="r">2013-10-26 00:00:00</subfield>
    <subfield code="t">BOOK</subfield>
    <subfield code="w">ddc</subfield>
    <subfield code="y">0</subfield>
  </datafield>
  <datafield tag="952" ind1=" " ind2=" ">
    <subfield code="1">0</subfield>
    <subfield code="2">2013-10-26</subfield>
    <subfield code="4">0</subfield>
    <subfield code="7">0</subfield>
    <subfield code="a">544.92 PVA</subfield>
    <subfield code="c">n1</subfield>
    <subfield code="d">2013-10-26</subfield>
    <subfield code="h">SZM</subfield>
    <subfield code="i">00451542</subfield>
    <subfield code="m">SZM</subfield>
    <subfield code="r">2013-10-26 00:00:00</subfield>
    <subfield code="t">BOOK</subfield>
    <subfield code="w">ddc</subfield>
    <subfield code="y">0</subfield>
  </datafield>
  <datafield tag="952" ind1=" " ind2=" ">
    <subfield code="1">0</subfield>
    <subfield code="2">2013-10-26</subfield>
    <subfield code="4">0</subfield>
    <subfield code="7">0</subfield>
    <subfield code="a">544.92 PVA</subfield>
    <subfield code="c">n2</subfield>
    <subfield code="d">2013-10-26</subfield>
    <subfield code="h">CL</subfield>
    <subfield code="i">00451541</subfield>
    <subfield code="m">CL</subfield>
    <subfield code="r">2013-10-26 00:00:00</subfield>
    <subfield code="t">BOOK</subfield>
    <subfield code="w">ddc</subfield>
    <subfield code="y">0</subfield>
  </datafield>
  <datafield tag="952" ind1=" " ind2=" ">
    <subfield code="1">0</subfield>
    <subfield code="2">2013-10-26</subfield>
    <subfield code="4">0</subfield>
    <subfield code="7">0</subfield>
    <subfield code="a">544.92 PVA</subfield>
    <subfield code="c">n2</subfield>
    <subfield code="d">2013-10-26</subfield>
    <subfield code="h">SZM</subfield>
    <subfield code="i">00451534</subfield>
    <subfield code="m">SZM</subfield>
    <subfield code="r">2013-10-26 00:00:00</subfield>
    <subfield code="t">BOOK</subfield>
    <subfield code="w">ddc</subfield>
    <subfield code="y">0</subfield>
  </datafield>
  <datafield tag="952" ind1=" " ind2=" ">
    <subfield code="1">0</subfield>
    <subfield code="2">2013-10-26</subfield>
    <subfield code="4">0</subfield>
    <subfield code="7">1</subfield>
    <subfield code="a">544.92 PVA</subfield>
    <subfield code="c">n3</subfield>
    <subfield code="d">2013-10-26</subfield>
    <subfield code="h">CL</subfield>
    <subfield code="i">00451533</subfield>
    <subfield code="m">CL</subfield>
    <subfield code="r">2013-10-26 00:00:00</subfield>
    <subfield code="t">BOOK</subfield>
    <subfield code="w">ddc</subfield>
    <subfield code="y">0</subfield>
  </datafield>
  <datafield tag="952" ind1=" " ind2=" ">
    <subfield code="1">0</subfield>
    <subfield code="2">2013-10-26</subfield>
    <subfield code="4">0</subfield>
    <subfield code="7">1</subfield>
    <subfield code="a">544.92 PVA</subfield>
    <subfield code="c">n3</subfield>
    <subfield code="d">2013-10-26</subfield>
    <subfield code="h">SZM</subfield>
    <subfield code="i">00451532</subfield>
    <subfield code="m">SZM</subfield>
    <subfield code="r">2013-10-26 00:00:00</subfield>
    <subfield code="t">BOOK</subfield>
    <subfield code="w">ddc</subfield>
    <subfield code="y">0</subfield>
  </datafield>
</record>
